[Event "Montreal International"]
[Site "Montreal"]
[Date "1979.04.20"]
[Round "8"]
[White "Larsen, Bent"]
[Black "Spassky, Boris Vasilievich"]
[Result "1-0"]
[WhiteElo "2620"]
[BlackElo "2640"]
[Annotator "ChessBase"]
[PlyCount "63"]
[EventDate "1979.04.11"]
[EventType "tourn"]
[EventRounds "18"]
[EventCountry "CAN"]
[EventCategory "15"]
[SourceTitle "MCL"]
[Source "ChessBase"]
[SourceDate "1999.07.01"]
[SourceVersion "1"]
[SourceVersionDate "1999.07.01"]
[SourceQuality "1"]

1. c4 e6 2. Nc3 d5 3. d4 Be7 4. cxd5 exd5 5. Bf4 c6 6. e3 (6. Qc2 g6 $1 7. e3 Bf5 $10) 6... Bf5 7. Bd3 (7. Nge2 Nd7 8. Ng3 Bg6 9. Be2 Ngf6 10. h4 h5 $10) (7. g4 $5 {Botvinnik - main line.} Bg6 (7... Be6 8. h4 Nd7 9. h5 Qb6 (9... Nh6 10. Be2 Nb6 11. Rc1 Bd6 $6 12. Nh3 Bxf4 13. Nxf4 Bd7 14. Rg1 $14 {Kasparov,G-Karpov,An (21)/Wch Moscow/1985/}) 10. Rb1 Ngf6 11. f3 h6 12. Bd3 Qa5 13. Nge2 $16 {Botvinnik,M-Spassky,N/Leiden Oestgoest/1970/}) 8. h4 Bxh4 $2 9. Qb3 b6 10. Nf3 Be7 11. Ne5 $16) 7... Bxd3 (7... Bg6 8. Nf3 Nd7 9. O-O Ngf6 10. Rb1 a5 11. Bxg6 hxg6 12. Qb3 Qb6 $10 {Larsen,B-Najdorf,M/Bugojno/1982/}) 8. Qxd3 Nf6 9. Nf3 Nbd7 10. O-O (10. h3 $142) 10... O-O (10... Nh5 $1 11. Be5 O-O 12. Rab1 Nxe5 $10 {Georgadze,T-Spassky,B/URS/1979/}) 11. Rab1 a5 12. h3 Re8 13. a3 a4 14. Qc2 ({RR} 14. Rfc1 Nb6 15. Nd2 Bd6 16. Ne2 Nc8 17. b4 axb3 18. Rxb3 Bxf4 19. Nxf4 Nd6 20. Qc3 Qe7 21. Rcb1 Ra7 22. Nd3 h6 23. Nc5 b5 24. Nd3 Nc4 25. Nb4 Qd6 26. Nc2 Rea8 27. Ra1 Ra4 28. Qd3 Ne8 {Sarana,A (2679)-Nakamura,H (2802) chess.com INT 2024 0-1 (53)}) 14... Qa5 (14... b5 $5 15. Rfd1 Qb6 16. Ne2 Rac8 17. Nc1 c5 $13 {Nikitin}) ({RR} 14... Nb6 15. Ne5 Bd6 16. b3 axb3 17. Qxb3 Ra6 18. a4 Bxe5 19. Bxe5 Nfd7 20. Bd6 Nc4 21. Qxb7 Ra8 22. Bc7 Qc8 23. Rfd1 Nf6 24. Qxc8 Rexc8 25. Rb7 Ne8 26. Bf4 Na5 27. Rb6 Nc4 28. Rb4 h6 29. Ra1 {Cramling Bellon,A (2106)-Kaminskii,D (2127) chess.com INT 2026 1-0 (48)}) 15. Rfd1 {e5} Bf8 $146 (15... Qa6) ({RR} 15... Rec8 16. Ne5 Nb6 17. b4 Qa6 18. Bg5 h6 19. Bh4 Nc4 20. Nxc4 Qxc4 21. Rdc1 g5 22. Bg3 Ne4 23. Bh2 {½-½ (23) Barez Menendez,H (2062)-Candela Perez,J (2339) Madrid 2022}) ({RR} 15... Rec8 16. Ne5 Nb6 17. b4 Qa6 18. Bg5 h6 19. Bh4 Nc4 20. Nxc4 Qxc4 21. Rdc1 g5 22. Bg3 Ne4 23. Bh2 {½-½ (23) Barez Menendez,H (2062)-Candela Perez,J (2339) Madrid 2022}) 16. Ne5 Re7 $2 (16... Nxe5 17. dxe5 Nd7 18. e4 $36) (16... Qa6) 17. b4 axb3 18. Rxb3 Nxe5 19. dxe5 Nd7 20. Rxb7 Qxa3 21. Rc7 Qc5 $2 (21... Qa6 22. Ne2 $16) (21... Nxe5 $5 22. Bxe5 Rxe5 23. Rxc6 $14 {The d5 pawn is very weak, but at the end White has to win a rook ending 4 vs 3 pawns at the kingside, which is drawish.}) 22. Rxd5 $1 (22. Qb2 Nb6 $10) 22... cxd5 23. Rxc5 Nxc5 24. Nxd5 Rea7 25. Bg5 Ra1+ 26. Kh2 R8a2 27. Qf5 Ne6 28. Bh4 Rf1 $6 29. f4 Rc1 30. Qg4 Rc4 (30... Rcc2 31. f5 Rxg2+ 32. Qxg2 Rxg2+ 33. Kxg2 $18) 31. Nf6+ Kh8 32. Qh5 $1 (32. Qh5 gxf6 33. Qxf7) 1-0

[Event "EU-ch 13th"]
[Site "Plovdiv"]
[Date "2012.03.28"]
[Round "8"]
[White "Jobava, Baadur"]
[Black "Fridman, Daniel"]
[Result "1-0"]
[WhiteElo "2706"]
[BlackElo "2653"]
[Annotator "Krasenkow,Michal"]
[PlyCount "93"]
[EventDate "2012.03.20"]
[EventType "swiss"]
[EventRounds "11"]
[EventCountry "BUL"]
[SourceTitle "CBM 148"]
[Source "ChessBase"]
[SourceDate "2012.05.16"]
[SourceVersion "1"]
[SourceVersionDate "2012.05.16"]
[SourceQuality "1"]

1. d4 d5 2. c4 e6 3. Nc3 Be7 4. Bf4 Nf6 5. e3 O-O 6. a3 b6 7. Nb5 $146 (7. g4 {- see Mamedyarov - Sargissian in CBM 144. And here is a new example:} dxc4 8. Qf3 Nd5 9. Bxc4 c6 10. Nge2 Ba6 11. Bxa6 Nxa6 12. h4 Rc8 13. g5 Nxf4 14. Nxf4 Nc7 15. Nh5 Nd5 16. Ne2 c5 17. e4 Nc7 18. Rd1 Qd6 19. Nf6+ Bxf6 20. gxf6 cxd4 21. Nxd4 Rfd8 $13 {1-0 Sokolov,I (2653)-Larsen,K (2321)/Reykjavik ISL 2012/The Week in Chess 905 (37)}) ({RR} 7. cxd5 Nxd5 8. Nxd5 exd5 9. Bd3 c5 10. Nf3 Nc6 11. O-O Be6 12. Bb5 Na5 13. dxc5 bxc5 14. b4 Qb6 15. Qa4 a6 16. Bd3 cxb4 17. Nd4 b3 18. Rab1 Qc5 19. Nxe6 fxe6 20. Qd7 Rf6 21. Be5 Rd8 {Nakamura,H (2787)-Caruana,F (2795) Saint Louis 2016 1-0 (34)}) 7... Na6 ({RR} 7... Ne8 8. Nf3 c6 9. Nc3 Nf6 10. cxd5 exd5 11. Qc2 c5 12. Rd1 Be6 13. dxc5 bxc5 14. Bd3 Nbd7 15. O-O h6 16. h3 Qb6 17. Rfe1 Rac8 18. g4 d4 19. exd4 Bb3 20. Qd2 Bxd1 21. Rxd1 cxd4 22. Nxd4 {Jobava,B (2603)-Omelja,A (2499) Polanica Zdroj 2021 0-1 (70)}) 8. Nf3 ({RR} 8. Rc1 c6 9. Nc3 Bb7 10. cxd5 exd5 11. Bd3 Nc7 12. Nf3 Ne6 13. Be5 c5 14. O-O g6 15. h3 c4 16. Bb1 a6 17. Nd2 Nd7 18. Bh2 f5 19. f4 b5 20. g4 Kh8 21. Nf3 Qb6 22. Ne2 a5 {Rakhmanov,A (2585)-Nigmatov,O (2459) Tashkent UZB 2026 1-0 (47)}) 8... Bb7 9. Rc1 (9. Be2 {was played on the next day by GM Nikita Vitiugov:} dxc4 10. Bxc4 c6 11. Nc3 b5 12. Be2 b4 13. Bxa6 Bxa6 14. axb4 Qb6 15. Qa4 Bb7 16. O-O Qxb4 17. Qxb4 Bxb4 18. Rfc1 Rfc8 19. Na4 Ba6 20. Ne5 Bb5 21. Nc4 Ne4 $11 {1/2 Vitiugov,N (2709)-Matlakov,M (2632)/Plovdiv BUL 2012/The Week in Chess 908 (40)}) 9... dxc4 $146 (9... c6 10. Nc3 c5 {looks more logical and apparently leads to equality.}) ({RR} 9... c6 10. Nc3 dxc4 11. Bxc4 b5 12. Qb3 Qb6 13. Be2 Rac8 14. O-O Nb8 15. e4 a6 16. Na4 Qa7 17. Nc5 Nbd7 18. Nxe6 fxe6 19. Qxe6+ Rf7 20. Ng5 Rcf8 21. Bd1 c5 22. Nxf7 Rxf7 23. dxc5 Nxc5 24. Rxc5 {Fridman,D (2653)-Krivonosov,O (2449) Riga 2012 ½-½ (75)}) ({RR} 9... c6 10. Nc3 c5 11. cxd5 Nxd5 12. Nxd5 Qxd5 13. Bc4 Qc6 14. Qe2 Nc7 15. O-O Nd5 16. Be5 Nf6 17. h3 Rac8 18. Ba6 Qe4 19. dxc5 Rxc5 20. Rxc5 bxc5 21. Rd1 Rd8 22. Rxd8+ Bxd8 23. Bxf6 gxf6 24. Bxb7 {Jobava,B (2574)-Povilaitis,T (2074) Riga LAT 2023 1-0 (59)}) 10. Bxc4 Nd5 (10... c6 11. Nc3 b5 12. Be2 b4 {deserves attention here. Apparently Black has lost a tempo compared to Vitiugov - Matlakov but in fact the absence of White's rook on a1 may be favourable for him, and he manages to push c6-c5 without problems. The question is whether it is enough for equality as White can obtain strong pressure along the central files, e.g.} 13. axb4 Nxb4 14. O-O c5 15. dxc5 Bxc5 16. Qb3 (16. Na2 $5) 16... Rc8 17. Rfd1 Qe7 18. Na4 Bd5 19. Qa3 Nc2 20. Qd3 Nb4 21. Qb5 Bd6 22. Bxd6 Qxd6 23. Nc3 $14) 11. Be5 c6 12. Nc3 Nxc3 13. Rxc3 b5 14. Bd3 b4 15. Rc1 c5 (15... bxa3 16. bxa3 Bxa3 17. Ra1 Bb4+ 18. Ke2 Nc7 19. Bxh7+ $1 Kh8 20. Bd3 $14) 16. h4 $5 {[%mdl 128] Very aggressive.} (16. O-O {was good enough to keep the initiative, e.g. after} bxa3 17. bxa3 cxd4 18. Bxd4 {[%csl Ra6]}) 16... h6 (16... bxa3 17. Ng5 $1 (17. bxa3 cxd4 (17... f6 18. Ng5) 18. Bxd4 Qa5+ 19. Kf1 Nc5 $1 20. Bxh7+ Kxh7 21. Ng5+ Kg8 22. Qh5 {doesn't work due to} Be4 23. Nxe4 Qa6+) 17... h6 {- see below}) 17. Ng5 $5 cxd4 $6 (17... Bxg5 $2 18. hxg5 Qxg5 19. Rh3 $1 $16 {[%cal Rh3g3]}) (17... bxa3 $1 {was probably the refutation of White's concept:} 18. Qh5 $5 (18. bxa3 cxd4 19. Bxd4 Bxa3 {is hardly good for White either.}) 18... Bf6 $1 (18... axb2 $143 19. Rb1 Bf6 20. Rxb2 Bxe5 21. Rxb7 Qa5+ 22. Kf1 Nb4 (22... Rab8 23. Rxf7 Qa1+ 24. Ke2 Qb2+ 25. Kf3 $13) 23. Nxf7 $1 Qa1+ 24. Ke2 Qa2+ 25. Kf1 $11) 19. Bxf6 (19. Bh7+ Kh8 20. Nxf7+ Rxf7 21. Qxf7 axb2 $1 22. Rb1 Qa5+ 23. Ke2 Bxe5 24. Qxb7 Rb8 $17) 19... axb2 $1 20. Rb1 (20. Qxh6 bxc1=Q+ 21. Ke2 Qb2+ 22. Kf1 Qxf2+ $1 23. Kxf2 Qxf6+) 20... Qxf6 {, and Black successfully parries White's attack as} 21. Nh7 (21. Rxb2 Nb4) 21... Qe7 22. Nxf8 c4 $1 23. Bh7+ Kxf8 24. Rxb2 Bxg2 25. Rg1 Qa3 $1 26. Rb1 Bd5 {is rather favourable for Black. Of course, all this can hardly be found over the board so the Georgian GM's decision was justified in practical terms.}) 18. Qh5 $1 {[%cal Rh5h6]} Bf6 $8 19. Bxf6 (19. Bh7+ $1 Kh8 20. Nxf7+ Rxf7 21. Qxf7 Bxe5 22. Qxb7 dxe3 23. fxe3 bxa3 24. bxa3 Rb8 25. Qe4 $16 {Here you see the crucial difference from the 17...bxa3 line: instead of Black's pawn on b2, there is White's on a3. After the text move, too, White gets a more favorable position than in the 17...bxa3 line.}) 19... Qxf6 20. Nh7 Qd8 21. Nxf8 dxe3 22. Bh7+ Kxf8 $6 {[%csl Rf8]} (22... Kh8 $142 $1 23. O-O Qxf8 24. Qb5 $1 (24. fxe3 f5 25. Bg6 bxa3 26. bxa3 Qxa3 $13) 24... exf2+ 25. Rxf2 Qe7 26. Bb1 $14 {[%csl Ra6]}) 23. O-O e2 $6 {Black avoids opening the f-file but White now collects this pawn and keeps a material advantage without conceding any compensation.} (23... Qb6 $142 $1 24. fxe3 f5 $1 {, and White's king is exposed, too.}) 24. Rfe1 bxa3 25. bxa3 f5 $6 {[%csl Re6]} (25... Qd2 26. Bb1 $16) (25... Qe7 $142 26. Qxe2 (26. Rxe2 Qxa3) 26... Nc7 $1 {[%cal Yc7d5]} (26... Qxa3 27. Ra1 Qd6 28. Be4 Nc5 29. Bxb7 Nxb7 30. Qe4 $18 {[%cal Re4b7,Re4h7]}) (26... Qxh4 27. Rb1 $1 $18) 27. Be4 Bxe4 28. Qxe4 Nd5 $16) 26. Qxe2 Qd5 27. f3 Qd4+ 28. Qe3 {The endgame is winning but} (28. Kf1 $1 Nc5 29. Red1 Qa4 30. Qe5 Rc8 31. Kg1 $1 {[%csl Rc5] ended the game on the spot.}) 28... Qxe3+ 29. Rxe3 Kf7 30. Rb3 Bd5 31. Rb5 Rd8 32. h5 Kf6 33. Bg6 Rd7 34. Kf2 Ke7 35. Ra5 Rd6 36. Rc8 Rb6 37. Bxf5 Bb7 38. Rg8 exf5 39. Rxg7+ Kf6 (39... Kf8 40. Rxb7 Rxb7 41. Rxa6 $18 {}) 40. Rg6+ Ke7 41. Re5+ Kd7 42. Rxb6 axb6 43. Rxf5 Nc5 (43... Ke7 44. Rb5) 44. Rf6 b5 45. Rxh6 Nd3+ 46. Ke3 Ne1 47. Rh7+ 1-0

[Event "Candidates Tournament"]
[Site "London"]
[Date "2013.03.15"]
[Round "1"]
[White "Svidler, Peter"]
[Black "Kramnik, Vladimir"]
[Result "1/2-1/2"]
[WhiteElo "2747"]
[BlackElo "2810"]
[Annotator "Marin,Mihail"]
[PlyCount "45"]
[EventDate "2013.03.15"]
[EventType "tourn"]
[EventRounds "14"]
[EventCountry "ENG"]
[EventCategory "22"]
[SourceTitle "CBM 154"]
[Source "ChessBase"]
[SourceDate "2013.05.15"]
[SourceVersion "1"]
[SourceVersionDate "2013.05.15"]
[SourceQuality "1"]

1. d4 Nf6 2. c4 e6 3. Nc3 d5 4. cxd5 Nxd5 $5 {This way of sidestepping the Exchange Variation structures used to be part of the repertoire of the young Fischer among others. It may transpose to a Semi-Tarrasch, but White can deviate.} 5. e4 Nxc3 6. bxc3 c5 7. a3 $5 (7. Nf3 cxd4 8. cxd4 Bb4+ 9. Bd2 Bxd2+ 10. Qxd2 O-O 11. Bc4 {would lead to the main line of the Semi-Tarrasch. Here are a few games annotated recently for CBM:} b6 12. O-O Nd7 (12... Bb7 13. Rfe1 Nc6 {Radjabov,T (2744)-Ivanchuk,V (2776) Medias 2011 CBM 143 [Rogozenco] (1/2, 45)}) 13. Rad1 (13. a4 {Leko,P (2720)-Naiditsch,A (2712) Porto Carras 2011 CBM 146 [Krasenkow] (1/2, 36)}) 13... Bb7 14. Rfe1 Rc8 15. Bb3 (15. Bd3 {Van Wely,L (2686)-Illescas Cordoba,M (2609) Melilla 2011 CBM 146 [RR] (1/2, 60)}) 15... Qf6 16. Qe3 Rfd8 17. d5 {Kasimdzhanov,R (2678)-Teske,H (2547) Germany 2011 CBM 146 [RR] (1-0, 40)}) 7... cxd4 {In connection with the next move, a straightforward plan. Black does not wish to live with the permanent threat of d4-d5 and decides to clear up matters in the centre at once. A more flexible approach is viable, though, too.} (7... Be7 8. Nf3 O-O 9. Bd3 Nc6 10. Bb2 cxd4 (10... b6 11. O-O cxd4 12. cxd4 Bb7 13. Qe2 Rc8 14. Rad1 Na5 15. d5 $36 {Bocharov,D (2582)-Mozharov,M (2459)/St Petersburg 2011/CBM 144 Extra (1-0, 26)}) 11. cxd4 Qa5+ 12. Kf1 (12. Nd2 Bf6 13. e5 Bg5 14. h4 Bxd2+ 15. Qxd2 Qxd2+ 16. Kxd2 Rd8 17. Ke3 Bd7) 12... b6 13. Qe2 Rd8 14. Kg1 Nb8 $5 (14... Bb7 15. h4 {[%cal Gh4h5]} Qh5 16. Rh3 Rac8 17. Rg3) 15. Ne5 (15. h4 Ba6 16. d5 exd5 17. Ng5 $44) 15... Ba6 16. Rd1 Qa4 17. d5 $5 exd5 18. exd5 Bxd3 19. Rxd3 Bf6 20. h4 $36 {Vitiugov,N (2733)-Khalifman,A (2627)/Taganrog 2011/CBM 143 (1/2, 41)}) ({I remember how interesting I found Black's way of transposing to a Grünfeld type of position in the following game:} 7... Qc7 8. Nf3 Nd7 9. Bb2 g6 10. Bd3 Bg7 11. O-O O-O 12. Qe2 Nb6 {1/2 Prusikin,M (2563)-Kortschnoj,V (2608)/Pulvermuehle 2006/CBM 112/[Marin] (26)}) 8. cxd4 e5 9. Nf3 ({Blocking the centre with} 9. d5 {offers Black some stability on the dark squares.} Bd6 10. Nf3 O-O 11. Be2 Nd7 12. O-O Nc5 13. Nd2 (13. Bb2 {Ivanov,S (2570)-Golod,V (2535)/Beersheba 1998/CBM 064/[Golod,V] (1/2, 26)}) 13... Qe7 (13... f5 $5) 14. f3 Bd7 (14... f5 $5) 15. a4 (15. Nc4 Ba4 16. Qe1 Nb3 17. Nxd6 Qxd6 18. Rb1 Nxc1 19. Qxc1 Rac8 20. Qe3 b6 21. Ba6 Rc5 22. Rfc1 $14 {c Since he cannot maintain the control of the only open file, Black has failed to equalise completely.}) 15... Rfc8 16. Nc4 Nxa4 17. Rxa4 Bc5+ 18. Kh1 b5 19. Ra6 bxc4 20. Bxc4 Bd4 $132 {Martinovic,S (2496)-Saric,A (2523)/Zagreb 2012/CBM 147 Extra (1/2, 38)}) 9... exd4 10. Qxd4 ({Delaying the capture should not offer White realistic chances:} 10. Bc4 Be7 11. O-O Nc6 12. Bd5 (12. Rb1 O-O 13. Bd5 Bf6 14. Bf4 Re8 {1/2 Lerner,K (2494)-Golod,V (2538)/Ramat Aviv 2004/CBM 102 ext}) 12... O-O 13. Bb2 Bf6 14. Re1 (14. Bxc6 bxc6 15. Nxd4 $2 c5 $19) 14... Be6 $6 (14... Bg4 $1 $11 {seems to have solved the problems at once.}) 15. Bxc6 bxc6 16. Nxd4 Bxd4 {Careless. The ending with four rooks and opposite-coloured bishops is less safe than Black might have thought.} (16... c5 17. Nxe6 fxe6 18. Qxd8 Rfxd8 19. Bxf6 gxf6 {This looks a bit ugly from a structural point of view, but the passed c-pawn should spare Black concrete problems.}) 17. Bxd4 Qd6 18. Be3 Qxd1 19. Rexd1 a5 20. Rd6 Rfc8 21. Rc1 h5 22. f4 a4 23. f5 Ba2 24. Kf2 $36 {Aleksandrov,A (2630)-Rausis,I (2498)/Abu Dhabi 2005/CBM 107 ext (1-0, 41)}) 10... Qxd4 11. Nxd4 Be7 $146 {This looks less active than the previously played 11...c5, but this impression may be false. Kramnik keeps the c-file open for his rooks and prepares the activation of the bishop with ...f6.} ({I did not find significant problems after} 11... Bc5 {either:} 12. Nb5 Na6 13. Bc4 (13. Bf4 {1/2 Wojtaszek,R (2733)-Roiz,M (2618)/Eilat 2012/CBM 151/[Roiz,M] (85)}) 13... O-O 14. O-O Be6 15. Bd5 Bxd5 16. exd5 Rad8 17. Rd1 Rfe8 $132 {Nisipeanu,L (2677)-Naiditsch,A (2706)/Deizisau 2013/ (1/2, 47)}) 12. Be3 ({Actually White could try} 12. Nb5 {with similar ideas as above even if the knight is not attacked.} Na6 13. Bc4 O-O 14. O-O Bd7 15. Be3 Rac8 16. Rfd1 Rfd8 17. Bf1 {Both sides have centralised their pieces and Black has to give up the bishop pair.} Bxb5 18. Bxb5 Nc5 ({The straightforward} 18... Rxd1+ 19. Rxd1 Bxa3 {fails to annihilate the bishop pair:} 20. Bxa7 Nc5 21. f3 Ne6 22. Kf1 Bc5 23. Rc1 $1 Rc7 24. Bb8 $1 Rc8 25. Bg3 b6 {True, Black is relatively stable, but the main line leads to a better version of it.}) 19. f3 b6 20. a4 Ne6 {[%cal Ge7c5]}) 12... O-O 13. Bc4 Nd7 14. Ke2 Nb6 15. Bb3 Bd7 {Black keeps developing his pieces on what do not seem the most active squares, but there is hidden flexibility in his play.} 16. Nf5 {Moving away from the centre allows Black to activate both his bishops.} (16. Rhc1 Rfc8 17. Nf5 Bb5+ 18. Kf3 Bf8 {allows Black to regroup perfectly.}) (16. a4 $5 {might have posed more problems:} Rac8 17. Rab1 $5 {an effective way of parrying ...c4 and keeping the a4-pawn indirectly defended.} Bxa4 18. Bxa4 Nxa4 19. Rxb7 $14) 16... Bf6 17. Rab1 Rfd8 $146 ({RR} 17... Bxf5 18. exf5 Rfe8 19. Rhc1 Be5 20. Kf3 Nd7 21. Bd5 Bd6 22. Rxb7 Ne5+ 23. Ke2 Rad8 24. Rxa7 Ng4 25. Bxf7+ Kf8 26. Bxe8 Rxe8 27. h3 Nxe3 28. fxe3 Bf4 29. Rc3 Be5 30. Rd3 Bf6 31. Kf3 h6 32. g4 {Kornyukov,A (2452)-Yu,A (1815) chess.com INT 2024 1-0 (43)}) ({RR} 17... Bxf5 18. exf5 Rfe8 19. Rhc1 Be5 20. Kf3 Nd7 21. Bd5 Bd6 22. Rxb7 Ne5+ 23. Ke2 Rad8 24. Rxa7 Ng4 25. Bxf7+ Kf8 26. Bxe8 Rxe8 27. h3 Nxe3 28. fxe3 Bf4 29. Rc3 Be5 30. Rd3 Bf6 31. Kf3 h6 32. g4 {Kornyukov,A (2452)-Yu,A (1815) chess.com INT 2024 1-0 (43)}) 18. Rhc1 Bb5+ 19. Kf3 Bd3 20. Bc2 Ba6 21. Bb3 {There is nothing more active than this.} Bd3 22. Bc2 Ba6 23. Bb3 1/2-1/2